00369nam a2200109Ia 4500008004100000100001800041245007900059245005500138260000900193650001300202856004400215170221s9999 xx 000 0 und d aSanja Ajzerle aIs Financial Capability Related to the Effective Use of Debt in Australia? cSanja Ajzerle, Mark Brimble, and Brett Freudenberg c2013 xBusiness uhttp://ro.uow.edu.au/aabfj/vol7/iss3/7/